Quiz sur Charles De Gaulle - Statistiques

Statistiques générales
  • Ce quiz a été pris 30 fois
  • Le résultat moyen est 10 sur 15
Statistiques - réponses
Questions Réponses % Correct
Grâce à un référendum, à quelle guerre d'indépendance De Gaulle mit-il fin ? Guerre d'Algérie
83%
En 1890, dans quelle ville du Nord de la France, De Gaulle naît-il ? Lille
83%
Dans quelle ville le Général De Gaulle lance-t-il l'appel à la Résistance? Londres
83%
A quel homme De Gaulle confia l'organisation du Comité National de Résistance ? Jean Moulin
79%
Quelle partie de son visage est souvent caricaturée, du fait de sa taille ? Nez
79%
En quelle année De Gaulle devient-il Président de la République ? 1958
75%
En quelle année le Général de Gaulle mourut-il, peu après sa fin de mandat ? 1970
75%
Quelle célèbre commune de Haute-Marne abrite la tombe de Charles de Gaulle ? Colombey les Deux Eglises
75%
A quel homme politique, alors Président du Conseil, De Gaulle s'opposa-t-il lors de la Seconde Guerre Mondiale ? Philippe Pétain
75%
Quelle phrase, aujourd'hui très connue, lança-t-il lors de son passage au Québec en 1967 ? Vive le Québec libre
67%
En quelle année De Gaulle est-il nommé Général ? 1940
58%
Quelles manifestations font accélérer la volonté de démission de De Gaulle de ses fonctions de Président de la République ? Mai 68
58%
Quel est le nom de sa fille décédée très jeune ? Anne
29%
Quel groupe politique a-t-il fondé (entrer les initiales) ? UDR
21%
Au même titre que ses frères, à quel grade De Gaulle est-il propulsé lors de la Première Guerre Mondiale ? Officier
8%
Aucun quiz correspondant
Distribution des résultats
% des personnes avec chaque résultat
Percentile par nombre de réponses
Votre historique - résultats
Vous n’avez pas pris ce quiz